01223cam a2200301 a 4500001000500000005001700005020001800022040002300040050001400063082001200077100001800089245005500107250004700162260003700209300005900246490002100305505000800326520013100334521002100465521002000486650002500506650002200531906004500553942001500598999001500613952015100628952014200779335320250815130508.0 a9780439305471 aDLCcDLCdDLCbeng00aPZ7.C438300a823.9141 aChild, Lauren10aI will never not ever eat a tomato /cLauren Child aFirst Scholastic printing , September 2001 aNew York : bScholastic , c2000 a32 unnumbered pages : bcolor illustrations ; c26 cm. aCharlie and Lola aG  aA fussy eater decides to sample the carrots after her brother convinces her that they are really orange twiglets from Jupiter. a370 bLexile  aG bRaz-Plus  1aFood habitsvFiction 1aSiblingsvFiction a7bcbccorignewd1eocipf19gy-gencatlg 2ddccBKn0 c3353d3353 00102ddc40708JUVFa002b002cTTP Dark Greend2024-02-29l4oCHI 823.914 PZ7.C4383pFISTK02061r2025-07-24 11:47:25s2025-06-30w2024-02-29yBK 00102ddc40708JUVFa002b002cTTP Dark Greend2025-08-15l0oCHI 823.914 PZ7.C4383pFISBK01148r2025-08-15 13:05:06t2w2025-08-15yBK